000 00332nam a2200121Ia 4500
005 20260326100044.0
008 260326s9999||||xx |||||||||||||| ||und||
100 _aŌta, Hirotarō
245 0 _aJapanese Architecture and Gardens /
_cHirotarō Ōta
260 _bKokusai Bunka Shinkokai
650 _aARQUITECTURA REGIONAL
942 _cBK
999 _c7111
_d7111